[Event "Mumbai Accurate op"]
[Site "Mumbai"]
[Date "2023.10.03"]
[Round "5"]
[White "Piyush, Narsikar"]
[Black "Kapadi, Yash"]
[Result "1-0"]
[WhiteElo "1558"]
[BlackElo "1681"]
[PlyCount "73"]
[EventDate "2023.09.29"]
[EventType "swiss"]
[EventRounds "7"]
[EventCountry "IND"]
[SourceTitle "CBM 216 Extra"]
[Source "ChessBase"]
[SourceDate "2023.11.30"]
[SourceVersion "1"]
[SourceVersionDate "2023.11.30"]
[SourceQuality "1"]

1. e4 d6 2. d4 Nf6 3. Nc3 e5 4. Nf3 Nbd7 5. g4 exd4 6. Qxd4 Nxg4 7. Bf4 Nde5 8. Nxe5 dxe5 9. Bxe5 Nxe5 10. Qxe5+ Qe7 11. Qg3 g6 12. 0-0-0 Bh6+ 13. Kb1 c6 14. e5 0-0 15. Ne4 Bg7 16. f4 Be6 17. h4 Rad8 18. Bd3 Bd5 19. h5 Bxe4 20. Bxe4 Rxd1+ 21. Rxd1 Rd8 22. Rh1 Rd4 23. Bd3 a5 24. c3 Rd8 25. hxg6 hxg6 26. Re1 Qe6 27. Bc2 Kf8 28. Qf2 b5 29. f5 gxf5 30. Bxf5 Qd5 31. e6 Re8 32. Bg6 Re7 33. Bxf7 Qg5 34. Rg1 Qe5 35. Rd1 Bf6 36. Rd8+ Kg7 37. Qg1+ 1-0